| 000 | 00636nam a22002291 4500 | ||
|---|---|---|---|
| 001 | sa 68003705 | ||
| 003 | DLC | ||
| 005 | 20260227112455.0 | ||
| 008 | 710903s1967 pk a b 00010 eng | ||
| 010 | _asa 68003705 | ||
| 025 | _aPL480:EP-E-437 | ||
| 043 | _aa-pk--- | ||
| 050 | 0 |
_aTH435 _b.A9 |
|
| 082 | _a657.8/69/042209549 | ||
| 100 | 1 | 0 |
_aAziz, M. A., _cB.Sc. Engg. |
| 245 | 1 | 2 |
_aA textbook of estimating and costing, _cby M. A. Aziz. |
| 260 | 0 |
_aDacca, _bZoberi Publisher _c[1967] |
|
| 300 |
_aviii, 200 p. _billus. _c25 cm. |
||
| 350 | _aRs14 | ||
| 504 | _aBibliography: p. [iv] | ||
| 650 | 0 |
_aBuilding _xEstimates _zPakistan. |
|
| 999 |
_c79682 _d79682 |
||